| 000 | 00434nam a22001817a 4500 | ||
|---|---|---|---|
| 003 | CEME | ||
| 005 | 20210628204103.0 | ||
| 008 | 210125b xxu||||| |||| 00| 0 eng d | ||
| 020 | _a1-58488-255-7 | ||
| 040 | _c. | ||
| 082 | _a511.3 LAW | ||
| 100 |
_aLawson, Mark V _968664 |
||
| 245 | _aFinite automata | ||
| 260 |
_aNEW YORK _bCHAPMAN & HALL _c2004 |
||
| 300 | _aXII,307P | ||
| 650 |
_aMACHINE THEORY _918056 |
||
| 942 |
_cBK _2ddc |
||
| 999 |
_c576173 _d576173 |
||